Betroffenheit nach dem Tod von Jörg Schröder. (Titelsatznr. 372384)
[ MARC ]
| 000 -Satzkennung | |
|---|---|
| Kontrollfeld mit fester Länge | 00774nab a2200181 4500 |
| 001 - Kontrollnummer | |
| Kontrollfeld | 90031 |
| 003 - Kontrollnummer Identifier | |
| Kontrollfeld | OSt |
| 005 - Datum und Zeit der letzten Transaktion | |
| Kontrollfeld | 20230420103929.0 |
| 007 - Feld mit fester Länge zur physischen Beschreibung - Allgemeine Information | |
| Kontrollfeld mit fester Länge | tu |
| 008 - Feld mit fester Länge zur physischen Beschreibung - Allgemeine Angaben | |
| Kontrollfeld mit fester Länge | 110905s2000||||||| |
| 040 ## - Katalogisierungsquelle | |
| Original-Katalogisierungsstelle | DE-2950 |
| Übertragungsstelle | DE-2950 |
| 245 00 - Titel | |
| Titel | Betroffenheit nach dem Tod von Jörg Schröder. |
| Zusatz zum Titel | Abschied. Die Nachricht vom Tod des Bürgermeisters von Seelow hat sich in der Kreisstadt rasch verbreitet. In der Nacht zu Sonnabend war der 64-jährige ins Klinikum gebracht worden, wo er verstarb. Trauer und Anteilnahme sind auch in Frankfurt groß / |
| Verfasserangabe etc. | Ulf Grieger |
| 264 ## - Produktion, Veröffentlichung, Distribution, Herstellung und Urheberrechtsvermerk | |
| Datum der Herstellung, der Veröffentlichung, des Vertriebs oder des Urheberschutzvermerks | 2023 |
| 653 ## - Indexierungsterm - Nicht normiert | |
| Nicht-normierter Term | Seelow <Märkisch Oderland> |
| 653 ## - Indexierungsterm - Nicht normiert | |
| Nicht-normierter Term | Schröder, Jörg; Bürgermeister 1958 - 2023 |
| 773 0# - Übergeordnete Einheit | |
| Verknüpfungsangaben | 34. Jahrgang (2023) Nr. 90, 18.04.2023, S. 18: mit Foto |
| Titel | Märkische Oderzeitung |
| 942 ## - Zusätzliche Felder (Koha) | |
| Klassifikation oder Aufstellungssystematik | Andere/Generische Klassifikation |
| Koha-Medientyp | Aufsätze |
| Ausgeschieden | Verloren | Klassifikation oder Aufstellungssystematik | Beschädigt | Nicht entleihbar | Heimatbibliothek | Aufenthaltsbibliothek | Aufstellungsort | Erwerbungsdatum | Anzahl Ausleihen | Signatur | Letzte Aktivität | Preis gültig von | Koha-Medientyp |
|---|---|---|---|---|---|---|---|---|---|---|---|---|---|
| Andere/Generische Klassifikation | Stadtarchiv Frankfurt (Oder) | Archivbibliothek | Stadtarchiv Frankfurt (Oder) | Archivbibliothek | Magazin | 20/04/2023 | Z2 | 20/04/2023 | 20/04/2023 | Aufsätze |